English Premier League Top Goalscorers (2021-2022 Season) - Statistics

General Stats
  • This quiz has been taken 110 times
  • The average score is 16 of 20
Answer Stats
Team Goals Scored Player % Correct
Liverpool 23 Mohamed Salah
99%
Tottenham Hotspur 23 Son Heung-Min
98%
Manchester United 18 Cristiano Ronaldo
96%
Leicester City 15 Jamie Vardy
95%
Manchester City 15 Kevin De Bruyne
93%
Arsenal 11 Bukayo Saka
91%
Crystal Palace 14 Wilfred Zaha
89%
Brentford 12 Ivan Toney
86%
Chelsea 11 Mason Mount
86%
Everton 10 Richarlison
84%
Norwich 11 Teemu Pukki
80%
Brighton & Hove Albion 8 Neal Maupay & Leandro Trossard
77%
Aston Villa 11 Ollie Watkins
76%
Wolverhampton Wanderers 6 Raúl Jiménez
76%
West Ham 12 Jarrod Bowen
67%
Leeds United 11 Raphinha
67%
Newcastle United 7 Callum Wilson
64%
Southampton 10 James Ward-Prowse
62%
Watford 10 Emmanuel Dennis
57%
Burnley 9 Maxwell Cornet
40%
No matching quizzes found
Score Distribution
Percent of People with Each Score
Percentile by Number Answered
Your Score History
You have not taken this quiz